000 00666nam a2200205Ii 4500
003 JO-AjNU
008 230605s9999||||xx |||||||||||||| ||und||
040 _aJO-AjNU
_bara
_erda
_cJO-AjNU
041 _aara
050 1 4 _aP121.C7321 1993
100 3 _aكريستل,دافيد تأليف/خليل,حلمي مترجم,
_eauthor
_914569
245 0 0 _aالتعريف بعلم اللغة
250 _aط2
264 3 1 _aمصر:دار نشر الثقافة بالاسكندرية,1993
300 _a195ص
336 _atext
_btxt
_2rdacontent
337 _aunmediated
_bn
_2rdamedia
338 _avolume
_bnc
_2rdacarrier
650 4 _aاللغة-علم اللغة
_914570
999 _aA3916
_c7484
_d7484